Spoj strešných elementov

Bibliographic Details
Main Author: Westhaus, Heinz (Author)
Format: Book
Language:Undetermined
PhysicalDescription:6 s.
Published: Banská Bystrica Úrad priemyselného vlastníctva SR 1997

MARC

LEADER 00000nam a2200000 a 4500
001 vtls001318619
003 SK-MaSNL
005 20260301065547.0
008 240315sm y0 xo 0 und
035 |a SNK000271173 
040 |a SNK  |b slo  |c SNK  |e AACR2 
044 |a xo  |c SK 
100 1 |a Westhaus, Heinz  |4 aut  |9 384495 
245 1 |a Spoj strešných elementov 
260 |a Banská Bystrica  |b Úrad priemyselného vlastníctva SR  |c 1997 
300 |a 6 s. 
999 |c 631149  |d 633079 
952 |t P60, <04>, [BOOK], {604}  |a SNK  |b SNK  |y VYP  |7 0  |p 17A0118659  |o snkSK 278674  |i snkPS 7/98  |0 0  |1 0  |4 0  |d 1998-01-29  |l 0  |r 2005-01-02 00:00:00  |w 2026-02-23